Statistiques concernant Focus sur: Colin Crivey- Harry Potter

Cliquez ici pour prendre le quiz!

Statistiques générales

  • Ce quiz a été pris 178 fois
  • Le résultat moyen est 7 sur 8

Statistiques - réponses

Informations recherchéesRéponses% Correct
Première apparitionHarry Potter et la Chambre des Secrets
99%
Lieu de rencontre avec Harry PotterPoudlard
99%
Ecole fréquentéePoudlard
99%
Maison fréquentéeGryffondor
98%
Couleur des cheveuxBlond
96%
Statut du sangNé-Moldu
95%
FrèreDennis Crivey
77%
Acteur l'interprétant dans les filmsHugh Mitchell
26%

Distribution des résultats

Percentile par nombre de réponses

% des personnes avec chaque résultat

Votre développement - résultats

Vous n’avez pas pris ce quiz